UM Logo

Bullying among high school students as influence by parent-child attachment and parenting styles/ (Record no. 5082)

MARC details
000 -LEADER
fixed length control field 00709nam a2200169 4500
008 - FIXED-LENGTH DATA ELEMENTS--GENERAL INFORMATION
fixed length control field 161008b xxu||||| |||| 00| 0 eng d
022 ## - INTERNATIONAL STANDARD SERIAL NUMBER
International Standard Serial Number 01153153
082 ## - DEWEY DECIMAL CLASSIFICATION NUMBER
Classification number DPer 150.5 P53 June-Dec 2014 v. 47, n. 1 & 2
100 ## - MAIN ENTRY--PERSONAL NAME
9 (RLIN) 15860
Personal name Maximo, Sally I.
245 ## - TITLE STATEMENT
Title Bullying among high school students as influence by parent-child attachment and parenting styles/
Statement of responsibility, etc. Sally I. Maximo and Nichole Sabrina Nastassja G. Loy
260 ## - PUBLICATION, DISTRIBUTION, ETC. (IMPRINT)
Place of publication, distribution, etc. Quezon City:
Name of publisher, distributor, etc. Psychological Association of the Philippines,
Date of publication, distribution, etc. ©2014.
300 ## - PHYSICAL DESCRIPTION
Extent v47 n2, pages 125-152;
Dimensions 24 cm.
500 ## - GENERAL NOTE
General note Philippine Journal of Psychology.
650 #0 - SUBJECT ADDED ENTRY--TOPICAL TERM
9 (RLIN) 15861
Topical term or geographic name as entry element Bullies
700 ## - ADDED ENTRY--PERSONAL NAME
9 (RLIN) 40923
Personal name Loy, Nicole Sabrina Nastassja G.
Relator term Author.
942 ## - ADDED ENTRY ELEMENTS (KOHA)
Source of classification or shelving scheme Dewey Decimal Classification
Koha item type Periodicals
Holdings
Withdrawn status Lost status Source of classification or shelving scheme Damaged status Not for loan Collection code Home library Current library Date acquired Total Checkouts Full call number Date last seen Price effective from Koha item type Public note
    Dewey Decimal Classification     Periodicals UM Digos College - LIC UM Digos College - LIC 10/08/2016   DPer 150.5 P53 June-Dec 2014 v. 47, n. 1 & 2 10/08/2016 10/08/2016 Periodicals Periodical article